| 000 | 00483nam a2200181Ia 4500 | ||
|---|---|---|---|
| 005 | 20250423095204.0 | ||
| 008 | 250422s9999 xx 000 0 und d | ||
| 020 | _a013079967X | ||
| 050 | _aQA 76 .575 .W8/ | ||
| 100 | _aWu, Chwan-Hwa John | ||
| 245 | 0 | _aEmerging multimedia computer communication technologies | |
| 260 | _aUpper Saddle River | ||
| 260 | _bPrentice Hall | ||
| 260 | _c1998 | ||
| 300 | _a443 p | ||
| 650 | _aMultimedia , Computer, Technologies | ||
| 942 | _cBK | ||
| 999 |
_c29515 _d29515 |
||